Get the Picture: Four Paintings Quiz Stats

 Plays Quiz Updated Jun 23, 2019

Score 0/14 Timer 05:00
1 Play Today
Question Answer Wrong Answers
Which of the four was painted by an American artist? Whistler's Mother
80.8%
The Starry Night
3.2%
The Scream
5.6%
The Arnolfini Portrait
6.6%
Which of the four was painted during the artist's voluntary stay in an asylum? The Starry Night
75.5%
Whistler's Mother
3%
The Scream
16.9%
The Arnolfini Portrait
1.3%
Which of the four is the oldest? The Arnolfini Portrait
74%
Whistler's Mother
7.5%
The Starry Night
11.8%
The Scream
2.7%
Which of the four was painted most recently? The Scream
59%
Whistler's Mother
19.5%
The Starry Night
14.1%
The Arnolfini Portrait
3.6%
Which of the four is painted on cardboard? The Scream
56%
Whistler's Mother
12.8%
The Starry Night
21.5%
The Arnolfini Portrait
6.2%
Which of the four has been stolen before? The Scream
54%
Whistler's Mother
11%
The Starry Night
27.5%
The Arnolfini Portrait
3.6%
Which of the four is painted on a wooden panel? The Arnolfini Portrait
52.7%
Whistler's Mother
14.2%
The Starry Night
16.5%
The Scream
12.9%
Which of the four was painted in the Low Countries (the modern Netherlands, Belgium, or Luxembourg)? The Arnolfini Portrait
47.4%
Whistler's Mother
4.5%
The Starry Night
33.7%
The Scream
10.7%
Which of the four was painted in the United Kingdom? Whistler's Mother
46.9%
The Starry Night
7.6%
The Scream
11.1%
The Arnolfini Portrait
30.7%
Which of the four has a formal title beginning with the word 'Arrangement'? Whistler's Mother
40.2%
The Starry Night
7.5%
The Scream
2%
The Arnolfini Portrait
46.4%
Which of the four is normally displayed in a London gallery? The Arnolfini Portrait
35.9%
Whistler's Mother
31.1%
The Starry Night
15.1%
The Scream
14.3%
Which of the four is normally displayed in the United States? The Starry Night
31.9%
Whistler's Mother
51.5%
The Scream
8.9%
The Arnolfini Portrait
4.2%
Which of the four is part of a series called The Frieze of Life? The Scream
30.9%
Whistler's Mother
17.3%
The Starry Night
8.5%
The Arnolfini Portrait
39.6%
Which of the four paintings has the largest surface area (larger than the other three combined)? Whistler's Mother
30.2%
The Starry Night
29%
The Scream
10%
The Arnolfini Portrait
26.9%

Today's Daily Dose

Missing Word
Sherlocks

Word Ladder
King of the Hill

Quick Pick
Songs in Pink

Get the Picture
NBA Teammates

You're not logged in!

Compare scores with friends on all Sporcle quizzes.
OR
Log In

Sporcle TV

Today on Sporcle TV


Watch our educational content, quiz creation guides, and fun videos on Sporcle TV.

Show Comments

Extras

Top Quizzes Today


Score Distribution

Your Account Isn't Verified!

In order to create a playlist on Sporcle, you need to verify the email address you used during registration. Go to your Sporcle Settings to finish the process.

Report this User

Report this user for behavior that violates our Community Guidelines.

Details: